[Event "WALTON 40th BAN-ch U20 Open 2022"]
[Site "Dhaka"]
[Date "2022.02.22"]
[Round "8.4"]
[White "Sakline Mostafa, Sajid"]
[Black "Mohammad Shafiqul, Islam"]
[Result "1-0"]
[WhiteElo "2089"]
[BlackElo "1720"]
[Annotator "TA"]
[PlyCount "91"]
[EventDate "2022.02.15"]
[EventType "swiss"]
[EventCountry "BAN"]
[SourceTitle "playchess.com"]
[Source "ChessBase"]
[SourceQuality "1"]

{[%evp 20,91,45,46,47,40,41,33,26,37,38,27,59,66,85,22,126,125,170,153,216,192,187,179,310,276,579,572,615,574,683,672,764,749,800,786,773,778,735,723,1690,1235,1196,1183,1696,896,826,743,1360,918,1402,680,29994,29995,29995,29996,29996,29995,29997,29996,29998,29994,29996,29995,29996,29995,29995,29993,29993,29993,29995,29994,29994,29994]} 1. d4 Nf6 2. c4 g6 3. Nc3 Bg7 4. e4 d6 5. f3 O-O 6. Be3 c5 7. Nge2 Nc6 8. d5 Ne5 9. Ng3 e6 10. Be2 exd5 11. cxd5 h5 {A65: Modern Benoni: 6 e4.} 12. O-O Bd7 13. h3 {[#] Threatens to win with f4.} h4 $146 {White is slightly better.} ({Predecessor:} 13... b5 14. f4 Nc4 15. Bxc4 bxc4 16. Qe2 Re8 17. Qxc4 Rb8 18. e5 Rb4 19. Qd3 dxe5 20. fxe5 Rxe5 21. Bxc5 Rxb2 {½-½ (34) Snihur,P (2124)-Karwowski,K (2003) Lazy 2015}) 14. Nh1 b5 $1 15. Nxb5 Bxb5 16. Bxb5 Rb8 {[#]} 17. Qe2 (17. a4 $1 $16) 17... Qb6 {Black is on the road to losing.} (17... Nh5 $1 $11 {keeps the balance.}) 18. a4 $16 Rfc8 (18... a6 $16 {is a better defense.}) 19. b4 g5 (19... Ned7 $16 20. Rab1 Qd8) 20. bxc5 dxc5 21. Bxg5 Ng6 (21... a6 $142) 22. Rad1 (22. Nf2 Nh5 $16) 22... Qd6 $2 (22... c4+ {is more resistant.} 23. Be3 Qa5 24. Bxc4 Qxa4) 23. f4 $18 c4 24. Nf2 {aiming for e5.} Nh7 25. e5 Qc5 26. e6 f6 {[#]} 27. f5 $1 {Be3 is the strong threat.} Nxg5 28. fxg6 Qd6 29. e7 Qg3 30. e8=Q+ Rxe8 31. Bxe8 Bf8 32. Bf7+ Kg7 33. d6 (33. Ne4 Nxe4 34. d6 (34. Qxe4 $2 Bc5+ 35. Rd4 c3 $19) (34. Qxc4 {gets mated.} Rb2) 34... Bxd6 35. Rxd6 (35. Qxe4 Qh2+ 36. Kf2 Rb2+) 35... Nxd6 $11) 33... f5 34. Kh1 c3 35. Qd3 c2 36. Qd4+ {White mates.} Kh6 37. Qh8+ Nh7 38. Qxh7+ Kg5 {[#]} 39. g7 $1 cxd1=Q (39... Qxg2+ 40. Kxg2) 40. g8=Q+ Kf6 41. Qgg6+ Ke5 42. Qxg3+ hxg3 43. Nxd1 Kxd6 44. Qxf5 Bg7 45. Qg6+ Kc7 46. Qxg3+ {Weighted Error Value: White=0.12 (very precise) /Black=0.71} 1-0

[Event "WALTON 40th BAN-ch U20 Open 2022"]
[Site "Dhaka"]
[Date "2022.02.22"]
[Round "8.5"]
[White "Souradip, Datta"]
[Black "Mohammed, Sagar Ullah"]
[Result "0-1"]
[WhiteElo "1198"]
[BlackElo "1924"]
[Annotator "TA"]
[PlyCount "106"]
[EventDate "2022.02.15"]
[EventType "swiss"]
[EventCountry "BAN"]
[SourceTitle "playchess.com"]
[Source "ChessBase"]
[SourceQuality "1"]

{[%evp 10,105,45,16,35,24,44,22,38,51,42,34,36,9,30,25,33,20,25,23,47,29,87,11,12,15,31,14,26,15,49,22,40,-29,-34,-66,4,16,21,10,14,0,1,0,25,0,22,0,42,13,9,0,6,7,8,0,27,0,54,61,72,0,87,33,89,0,12,-7,33,0,81,46,57,0,0,0,0,0,0,0,0,0,0,-147,-158,-177,-127,-132,172,-557,-482,-776,-502,-1193,-1190,-29998,-29999,-29999]} 1. e4 e5 2. Nf3 Nc6 3. Bc4 Be7 4. c3 Nf6 5. d3 d6 6. h3 h6 {C55: Two Knights: 4 d3, 4 d4 exd4 5 e5 and Max Lange Attack.} 7. Nbd2 a6 (7... Na5 {is more complex.} 8. Bb5+ c6 9. Ba4 O-O 10. O-O c5) 8. a4 {[#]} Be6 $146 {The position is equal.} ({Predecessor:} 8... Na5 9. Ba2 b6 10. b4 Nb7 11. Nf1 Bd7 12. Ng3 a5 13. bxa5 bxa5 14. Qb3 Be6 15. Qxb7 Rb8 16. Qa6 Ra8 17. Qb5+ Bd7 18. Qb3 Rb8 19. Qxf7# {1-0 (19) Van Lindt,R (1049)-Eisenmenger,T (1191) Magdeburg 2016}) 9. Bxe6 fxe6 10. Nc4 O-O 11. Ne3 Nh7 (11... d5 $5 {[%cal Rd5e4]}) 12. O-O Qe8 13. b4 Qg6 14. Ng4 Rf7 15. Be3 Raf8 (15... Ng5 $11 16. Nxg5 Bxg5) 16. Nd2 (16. b5 $16 h5 17. Ngh2 (17. bxc6 hxg4 18. hxg4 bxc6 $11)) 16... Bg5 $11 17. Qe2 Bf4 18. Kh1 Nb8 19. Nh2 h5 20. Nhf3 Nd7 21. Nh4 (21. g3 $14) 21... Qh6 $1 22. Bxf4 Rxf4 (22... exf4 $15 23. b5 g5) 23. Nhf3 g5 24. g3 R4f7 25. Qe3 Qg7 26. Nh2 b6 27. Rab1 Kh8 28. c4 Qf6 (28... g4 $11) 29. Ra1 Rb8 30. Rab1 Rff8 31. Kg2 Qg7 32. Kg1 Qe7 33. Kg2 Ra8 (33... Qg7 $11) 34. Nb3 $14 Rab8 35. Nd2 (35. a5 $16) 35... Ndf6 (35... Ra8 $11) 36. Ndf3 ({White should play} 36. c5 $1 $16) 36... Qg7 ({Better is} 36... Nd7 $14) 37. Nd2 (37. c5 $1 $16) 37... Nd7 $11 38. Ndf3 Rfd8 39. Rfc1 (39. h4 {is interesting.} gxh4 40. Nxh4 Nhf6 41. N2f3 Rg8 42. Rh1) 39... c5 (39... g4 $11 40. hxg4 hxg4) 40. bxc5 $1 $16 Nxc5 {[%cal Bd7c5,Bc5a4,Ba4c5,Bc5e4,Be4f2][%mdl 32]} 41. Rb4 ({White should try} 41. g4 $14) 41... a5 $11 42. Rb5 Nxa4 43. d4 {Black must now prevent Qb3.} g4 44. hxg4 hxg4 45. Nxg4 Qxg4 46. dxe5 (46. Rh1 $11 {remains equal.} exd4 47. Nxd4) 46... Nc5 $17 47. exd6 Rxd6 (47... Qxe4 $19 48. Qxe4 Nxe4) 48. Ne5 Qg7 {[%mdl 8192] [#]} ({Inferior is} 48... Qxe4+ 49. Qxe4 Nxe4 50. Nf7+ Kg7 51. Nxd6 Nxd6 52. Rb2 $15) (48... Qh5 $17 49. Rxc5 bxc5 50. Qxc5 Rd2 51. Nf7+ Qxf7 52. Qe5+ Kg8 53. Qxb8+ Kg7 54. Qe5+ Kg6) 49. Qc3 {[%mdl 8192]} (49. Qxc5 $1 $18 {[%mdl 512] is the narrow road to win.} bxc5 50. Rxb8+ Nf8 {[#]} 51. Rxf8+ $1 {[%mdl 512]} Qxf8 52. Ng6+ Kg8 53. Nxf8 Kxf8 54. Ra1) 49... Kg8 50. Qb2 (50. Nf3 $142 Qxc3 51. Rxc3) 50... Nxe4 51. c5 (51. Nf3 $142 Rf8 52. Qxg7+ Kxg7 53. Re5) 51... Rd2 $19 52. Qa1 Qxg3+ 53. Kh1 Nxf2# {Weighted Error Value: White=0.60/Black=0.41} 0-1

[Event "WALTON 40th BAN-ch U20 Open 2022"]
[Site "Dhaka"]
[Date "2022.02.22"]
[Round "8.7"]
[White "Md, Azmaeen Parvez Sayor"]
[Black "Tahmidul, Haque"]
[Result "1/2-1/2"]
[WhiteElo "1920"]
[BlackElo "1756"]
[Annotator "TA"]
[PlyCount "60"]
[EventDate "2022.02.15"]
[EventType "swiss"]
[EventCountry "BAN"]
[SourceTitle "playchess.com"]
[Source "ChessBase"]
[SourceQuality "1"]

{[%evp 24,60,58,54,70,62,54,61,60,36,52,68,58,0,52,48,79,0,41,45,41,0,0,0,0,0,0,0,0,-12,0,0,0,-17,0,0,0,-39,0]} 1. e4 c5 2. Nf3 e6 3. d4 cxd4 4. Nxd4 Nc6 5. Nc3 Qc7 6. g3 a6 7. Bg2 Nf6 8. O-O Nxd4 9. Qxd4 Bc5 10. Bf4 d6 11. Qd2 h6 12. Rad1 e5 13. Be3 Bxe3 {B47: Sicilian: Taimanov: 5 Nc3 Qc7 6 f4, 6 g3 and 6 Be2.} 14. fxe3 Be6 15. Qxd6 Rc8 {White is slightly better.} 16. Qa3 Qc5 17. Qxc5 Rxc5 18. h3 {[#]} (18. Rd6 $14) 18... Nd7 $146 (18... Ke7 $11) ({Predecessor:} 18... Ke7 19. Rd2 Rhc8 20. Rff2 Rxc3 21. bxc3 Bxa2 22. Rf1 Rxc3 23. Ra1 Be6 24. Kf2 Nd7 {0-1 (54) Gurel,E (2168)-Andreikin,D (2726) Chess.com INT 2020}) 19. Rf2 Nb6 {[%cal Bd7b6,Bb6a4,Ba4c3][%mdl 32]} 20. Re2 (20. Nd5 $16 Nc4 21. c3 (21. b4 Rc8 $11)) 20... Rxc3 21. bxc3 $14 {[#] Hoping for Rb1.} Na4 22. Red2 (22. Rf2 $1 $14) 22... Ke7 $1 $11 23. c4 Nc3 {To avoid Rb1} 24. Ra1 Bxc4 25. a4 Rc8 26. h4 Rc6 {[%mdl 1024] Black has compensation.} 27. Bh3 Rc7 {Inhibits Rd7+.} 28. Bg2 Rc6 29. Bh3 {[#] And now Rd7+ would win.} Rc7 {Inhibits Rd7+.} 30. Bg2 Rc6 {Weighted Error Value: White=0.19 (very precise) /Black=0.12 (very precise)} 1/2-1/2

[Event "WALTON 40th BAN-ch U20 Open 2022"]
[Site "Dhaka"]
[Date "2022.02.22"]
[Round "8.8"]
[White "Mortuza Muhtadi, Islam"]
[Black "Justin Matthias Baroi"]
[Result "1/2-1/2"]
[WhiteElo "1485"]
[BlackElo "1575"]
[Annotator "NA RC"]
[PlyCount "65"]
[EventDate "2022.02.15"]
[EventType "swiss"]
[EventCountry "BAN"]
[SourceTitle "playchess.com"]
[Source "ChessBase"]
[SourceQuality "1"]
[TimeControl "5400+30"]

1. e4 {[%emt 0:11:17]} e6 {[%emt 0:00:19]} 2. d3 {[%emt 0:00:05]} d5 {[%emt 0:00:23]} 3. Qe2 {[%emt 0:00:05]} b6 {[%emt 0:09:01]} 4. g3 {[%emt 0:00:15]} Bb7 {[%emt 0:00:21]} 5. Bg2 {[%emt 0:00:06]} c5 {[%emt 0:04:50]} 6. Nf3 {[%emt 0:01:16]} Bd6 {[%emt 0:04:08]} 7. e5 {[%emt 0:08:08]} Bf8 {[%emt 0:07:23]} 8. c4 {[%emt 0:01:31]} Ne7 {[%emt 0:07:48]} 9. Nh4 {[%emt 0:05:09]} Nbc6 {[%emt 0:08:44]} 10. Na3 {[%emt 0:08:36]} Nd4 {[%emt 0:07:26]} 11. Qd1 {[%emt 0:07:25]} Ng6 {[%emt 0:13:04]} 12. Nxg6 {[%emt 0:05:38]} hxg6 {[%emt 0:00:11]} 13. O-O {[%emt 0:00:42]} Be7 {[%emt 0:06:14]} 14. Nc2 {[%emt 0:04:14]} Nf5 {[%emt 0:05:35]} 15. Ne3 {[%emt 0:03:05]} Rb8 {[%emt 0:00:38]} 16. Nxf5 {[%emt 0:06:33]} gxf5 {[%emt 0:00:31]} 17. Qa4+ {[%emt 0:04:01]} Kf8 {[%emt 0:02:08]} 18. Qxa7 {[%emt 0:06:56]} Qc7 {[%emt 0:00:49]} 19. Qa4 {[%emt 0:04:43]} Ra8 {[%emt 0:01:09]} 20. Qb3 {[%emt 0:00:34]} dxc4 {[%emt 0:02:09]} 21. dxc4 {[%emt 0:03:17]} Bxg2 {[%emt 0:02:36]} 22. Kxg2 {[%emt 0:00:15]} Qb7+ {[%emt 0:00:10]} 23. f3 {[%emt 0:01:24]} g5 {[%emt 0:00:33]} 24. Be3 {[%emt 0:04:45]} Kg7 {[%emt 0:00:58]} 25. Rh1 {[%emt 0:03:22]} g4 {[%emt 0:01:53]} 26. Bf4 {[%emt 0:00:38]} Rad8 {[%emt 0:01:05]} 27. Rad1 {[%emt 0:02:20]} Qxf3+ {[%emt 0:01:58]} 28. Qxf3 {[%emt 0:00:09]} gxf3+ {[%emt 0:00:04]} 29. Kxf3 {[%emt 0:00:15]} Rxd1 {[%emt 0:00:03]} 30. Rxd1 {[%emt 0:00:05]} Rxh2 {[%emt 0:00:07]} 31. Rd2 {[%emt 0:00:07]} Rxd2 {[%emt 0:02:40]} 32. Bxd2 {[%emt 0:00:01]} f6 {[%emt 0:00:59]} 33. Bf4 {[%emt 0:00:48]} 1/2-1/2

[Event "WALTON 40th BAN-ch U20 Open 2022"]
[Site "Dhaka"]
[Date "2022.02.23"]
[Round "9.1"]
[White "Subrota, Biswas"]
[Black "Noshin, Anjum"]
[Result "1/2-1/2"]
[WhiteElo "2202"]
[BlackElo "2017"]
[Annotator "TA"]
[PlyCount "39"]
[EventDate "2022.02.15"]
[EventType "swiss"]
[EventCountry "BAN"]
[SourceTitle "playchess.com"]
[Source "ChessBase"]
[SourceQuality "1"]

{[%evp 20,21,23,14]} 1. c4 c6 2. e4 d5 3. exd5 cxd5 4. d4 Nf6 5. Nc3 e6 6. Nf3 Be7 7. cxd5 Nxd5 8. Bd3 O-O 9. O-O Nc6 10. Re1 Bf6 11. a3 {[#]} {Predecessor:} Nxc3 $146 {D42: Queen's Gambit Declined: Semi-Tarrasch: 5 cxd5 Nxd5 6 e3 Nc6 7 Bd3 .} 12. bxc3 b6 13. h4 Bb7 14. Ng5 g6 15. Qg4 h5 16. Qf4 Bxg5 17. hxg5 e5 18. Qg3 exd4 19. Bb2 Qd5 20. c4 {½-½ (31) Parligras,M (2616)-Kryvoruchko,Y (2692) Heraklion 2017} 1/2-1/2

[Event "WALTON 40th BAN-ch U20 Open 2022"]
[Site "Dhaka"]
[Date "2022.02.23"]
[Round "9.2"]
[White "Mohammed, Sagar Ullah"]
[Black "Sakline Mostafa, Sajid"]
[Result "1-0"]
[WhiteElo "1924"]
[BlackElo "2089"]
[Annotator "TA"]
[PlyCount "87"]
[EventDate "2022.02.15"]
[EventType "swiss"]
[EventCountry "BAN"]
[SourceTitle "playchess.com"]
[Source "ChessBase"]
[SourceQuality "1"]

{[%evp 11,87,13,43,-8,-4,-7,14,22,9,18,57,39,41,12,5,19,30,0,0,-2,0,-13,163,162,162,158,160,149,167,148,146,146,149,145,163,158,167,148,166,164,160,159,172,164,202,204,219,228,241,199,196,188,391,366,635,634,615,624,740,597,714,689,983,941,2061,838,841,814,1066,1058,5730,5731,5714,5410,5297,2754,5743,5739]} 1. e4 c5 2. Nf3 {[%cal Bg1f3,Bf3d4,Bd4b5][%mdl 32]} e6 3. d4 cxd4 4. Nxd4 Nf6 5. Nc3 Nc6 6. Ndb5 d6 7. Be3 {B45: Sicilian Four Knights.} (7. Bf4 $1 $14) 7... a6 $11 8. Nd4 e5 (8... Be7 {is interesting.} 9. Be2 O-O 10. O-O Qc7 11. a3 d5) 9. Nxc6 {The position is equal.} bxc6 10. Bc4 {Prevents d5.} Bb7 {[#] Strongly threatening ...d5.} 11. Bb3 $146 ({Predecessor:} 11. Bg5 h6 12. Bxf6 Qxf6 13. O-O Qf4 14. g3 Qg5 15. h4 Qg6 16. Qf3 f6 17. h5 Qg5 18. Rad1 {0-1 (45) Nogueira,E-Beringuy,A Guanabara 2000}) 11... Be7 12. O-O O-O 13. Qe2 d5 {White must now prevent ...d4.} 14. exd5 (14. Rad1 $5 {[%cal Re4d5]}) 14... cxd5 {And now ...d4 would win.} 15. Bg5 d4 16. Rad1 Nd7 {This move loses the game for Black.} (16... Qa5 $11 17. Ne4 Nxe4 18. Bxe7 Rfe8) 17. Bxe7 $18 Qxe7 {[#]} 18. Rxd4 {[%mdl 512]} Nf6 (18... Rae8 19. Rd2) 19. Re1 {White is more active.} Qc7 20. Rdd1 ({But not} 20. Qxe5 $2 Rae8 21. Qxe8 Rxe8 $19) 20... Rfe8 21. Nd5 Bxd5 22. Bxd5 Rad8 23. Bb3 {[%cal Bd5b3,Bb3a4,Ba4b5,Bb5e2][%mdl 32]} a5 24. h3 e4 25. Ba4 Rf8 26. c4 h5 27. a3 Rxd1 28. Rxd1 ({Resist} 28. Bxd1 $6 Qc5 $16) 28... Qc5 29. Bb5 h4 30. Qe3 Qe5 31. Qd4 Qf4 (31... Qxd4 {keeps fighting.} 32. Rxd4 Rb8) 32. c5 {[%cal Bc4c5,Bc5c6,Bc6c7][%mdl 32]} Nh5 $2 (32... Rb8 33. Ba6 Kh7) 33. Be2 {White is clearly winning.} Nf6 34. b4 {[%cal Bb2b4,Bb4b5][%mdl 32]} g5 35. Qe3 Qe5 36. b5 Rb8 37. c6 Nd5 38. Qd4 (38. Qc5 $142) 38... Qxd4 39. Rxd4 {KRB-KRN} Nb6 40. c7 Re8 41. Rd8 Kf8 42. Rxe8+ Kxe8 43. Bg4 e3 44. fxe3 {Weighted Error Value: White=0.16 (very precise) /Black=0.44} 1-0

[Event "WALTON 40th BAN-ch U20 Open 2022"]
[Site "Dhaka"]
[Date "2022.02.23"]
[Round "9.3"]
[White "Swarnavo Choudhury"]
[Black "Dibya, Das Gupta"]
[Result "1/2-1/2"]
[WhiteElo "1945"]
[BlackElo "1923"]
[Annotator "TA"]
[PlyCount "200"]
[EventDate "2022.02.15"]
[EventType "swiss"]
[EventCountry "BAN"]
[SourceTitle "playchess.com"]
[Source "ChessBase"]
[SourceQuality "1"]

{[%evp 9,200,44,41,7,12,12,6,9,18,6,12,14,62,40,55,27,28,26,22,-20,-16,-16,-16,-14,-27,-18,16,16,14,0,0,0,19,0,0,0,0,0,5,0,0,0,0,0,0,0,0,0,0,0,0,0,10,8,14,16,23,9,21,22,28,0,0,0,43,38,38,38,39,0,52,0,39,0,1,0,0,0,0,0,0,0,0,0,0,0,0,0,0,0,0,0,0,0,0,0,0,0,0,0,0,0,0,0,0,0,0,0,0,0,0,0,0,0,0,0,0,0,0,0,0,0,0,0,0,0,0,0,0,0,0,0,0,0,0,0,0,0,0,0,0,0,0,0,0,0,0,0,0,0,0,0,0,0,0,0,0,0,0,0,0,0,0,0,0,0,0,0,0,0,0,0,0,0,0,0,0,0,0,0,0,0,0,0,0,0,0,0,0,0,0,0,0]} 1. e4 d5 2. exd5 Qxd5 3. Nc3 Qd6 4. d4 Nf6 5. Nf3 Bg4 {[%cal Bc8g4,Bg4h5,Bh5g6][%mdl 32]} 6. Bc4 {B01: Scandinavian Defence.} c6 7. Be3 e6 ({Not} 7... Qb4 {[#]} 8. Bxf7+ $1 {[%mdl 512]} Kxf7 9. Ne5+ Kg8 10. Nxg4 $18) 8. h3 Bh5 9. g4 Bg6 10. Ne5 {[#]} Ne4 $146 (10... Nbd7 $11 {deserves consideration.}) ({Predecessor:} 10... Nbd7 11. Nxg6 hxg6 12. Qf3 Nb6 13. Bb3 Nbd5 14. Ne4 Nxe4 15. Qxe4 a5 16. c4 Nf6 {0-1 (57) Stromboli,E (2308)-Djordjevic,V (2350) Chess.com INT 2020}) 11. Nxe4 {White is more active.} (11. Qf3 {with more complications.} Nxc3 12. bxc3 Nd7 13. Nxg6 hxg6 14. Rb1) 11... Bxe4 12. f3 Bd5 13. Bxd5 Qxd5 14. Qd2 (14. O-O $142) 14... Nd7 $11 15. Nxd7 Qxd7 (15... Qxf3 $2 16. Rf1 Qg3+ 17. Bf2 Qxh3 18. Ne5 $18) 16. c4 Be7 17. O-O-O Qc7 18. Kb1 O-O-O 19. Bf4 Bd6 20. Be3 Rhe8 21. Qc2 g6 22. Rhe1 Bf4 23. Qe4 Bxe3 24. Qxe3 Rd7 25. Rd3 Red8 26. Red1 b6 27. Qe4 Kb7 28. h4 Qd6 29. g5 Qe7 30. a3 f6 31. f4 f5 32. Qf3 Kc7 33. Qe3 Rd6 34. b4 Qd7 35. c5 Rd5 36. Ka2 {[%cal Bb1a2,Ba2b2,Bb2c3][%mdl 32]} b5 (36... a5 $11 {feels stronger.}) 37. Kb2 $14 Kb7 38. Qd2 Qg7 {[%cal Oa7a5]} 39. Qe3 Qd7 40. Qd2 Qg7 {[%cal Oa7a5]} 41. Kc3 {[%cal Oa3a4]} a5 $1 {The position is equal.} 42. Kb2 a4 43. Kc3 Qf7 {[%cal Oe6e5] [#] aiming for ...e5!} 44. Kb2 Qg8 45. Re1 Qf7 46. Re5 Rxe5 47. dxe5 Rd5 48. Rxd5 exd5 $11 {[%mdl 4096] Endgame KQ-KQ} 49. Qd4 Kc7 50. Kc3 Kd7 51. Qe3 Ke6 52. Kd4 Qg8 53. Qg3 Qh8 54. Qh3 h6 {Hoping for ...hxg5.} 55. Qg3 {[%cal Oh4h5] Strongly threatening h5!} h5 56. Qe1 Qa8 57. Qg3 Qb8 58. Qe3 Qc8 59. Qd3 Qd8 60. Qe2 Qe8 61. Qe3 Qf8 62. Qe2 Qf7 63. Qe3 Kd7 64. Qe2 Qe6 65. Qe3 Ke8 66. Qe2 Kf7 67. Qe3 Kg8 68. Qe2 Kh7 69. Qe3 Kg7 70. Qe2 Kf7 71. Qe3 Ke7 72. Qe2 Kd7 73. Qd1 Kc7 74. Qe2 Kb7 75. Qf3 Ka7 76. Qd1 Ka8 77. Qe1 Kb8 78. Qd1 Kc8 79. Qe2 Kd8 80. Qd1 Ke8 81. Qe2 Kf8 82. Qd1 Kg8 83. Qe2 Kh8 84. Qd1 Kh7 85. Qe2 Kg7 86. Qd1 Kf7 87. Qe2 Ke7 88. Qd1 Kd7 89. Qe2 Kc7 90. Qd1 Kb7 91. Qe2 Ka7 92. Qd1 Ka6 93. Qe2 Kb7 94. Qd1 Kc8 95. Qe2 Kd7 96. Qd1 Ke8 97. Qe2 Kf7 98. Qd1 Kg8 99. Qe2 Kh7 100. Qd1 Kh8 {Weighted Error Value: White=0.06 (flawless) /Black=0.03 (flawless)} 1/2-1/2

[Event "WALTON 40th BAN-ch U20 Open 2022"]
[Site "Dhaka"]
[Date "2022.02.23"]
[Round "9.4"]
[White "Mortuza Mahathir, Islam"]
[Black "Manon, Reja Neer"]
[Result "1/2-1/2"]
[WhiteElo "1877"]
[BlackElo "2209"]
[Annotator "TA"]
[PlyCount "40"]
[EventDate "2022.02.15"]
[EventType "swiss"]
[EventCountry "BAN"]
[SourceTitle "playchess.com"]
[Source "ChessBase"]
[SourceQuality "1"]

{[%evp 11,40,36,57,20,43,36,36,27,43,21,16,-2,23,10,22,0,44,0,26,7,17,19,22,10,17,8,22,-770,40,31,2576]} 1. e4 e5 2. Nf3 Nc6 3. d4 exd4 4. c3 d3 5. Bxd3 d6 6. h3 Nf6 7. Nbd2 {C44: Ponziani Opening and Scotch Gambit.} Be7 8. Nb3 O-O 9. O-O Ne5 {[#]} 10. Nxe5 $146 (10. Bc2 {keeps more tension.} c5 11. Re1 Qc7 12. Bf4 b5 13. Nbd2) ({Predecessor:} 10. Bc2 b6 11. Re1 Bb7 12. Nbd4 g6 13. Bh6 Re8 14. b3 Nxf3+ 15. Qxf3 d5 16. e5 {0-1 (25) Arnold,K (1727)-Todorovic,B (2280) Chess.com INT 2021}) 10... dxe5 11. Be3 Bd6 12. Qe2 Qe7 13. Rfd1 Be6 (13... h6 $11) 14. Bc2 (14. Na5 $14) 14... Nd7 15. Nd2 Rfd8 16. Nc4 Bc5 17. Bxc5 Qxc5 18. Ne3 Nf6 19. Rd4 $2 {[%mdl 8192] [#]} Rd6 $2 (19... exd4 $19 20. Nd1 Qg5 21. cxd4 Rxd4) 20. Rxd6 $14 Rd8 $2 {[%mdl 40960] Weighted Error Value: White=0.64/Black=0.60. An unexpected result.} 1/2-1/2

[Event "WALTON 40th BAN-ch U20 Open 2022"]
[Site "Dhaka"]
[Date "2022.02.23"]
[Round "9.5"]
[White "Justin Matthias Baroi"]
[Black "Md, Azmaeen Parvez Sayor"]
[Result "1/2-1/2"]
[WhiteElo "1575"]
[BlackElo "1920"]
[Annotator "TA"]
[PlyCount "107"]
[EventDate "2022.02.15"]
[EventType "swiss"]
[EventCountry "BAN"]
[SourceTitle "playchess.com"]
[Source "ChessBase"]
[SourceQuality "1"]

{[%evp 12,107,-12,-21,-10,-85,26,31,34,40,58,70,49,-9,11,8,81,39,62,81,63,46,88,64,68,85,83,54,60,51,72,66,68,44,58,44,35,24,34,33,28,36,48,41,55,16,42,22,16,-29,0,0,0,0,49,48,81,0,0,0,0,0,0,0,0,0,0,0,0,0,0,-9,-9,-9,0,0,0,0,0,0,0,0,0,-18,-18,-18,0,-7,0,-18,-18,-18,-18,-18,-18,-18,-18,-18]} 1. e4 c5 2. Nc3 Nc6 3. f4 g6 4. Nf3 Bg7 5. Bb5 Nd4 6. a4 e6 7. O-O Ne7 {B23: Closed Sicilian: Lines without g3.} 8. Ne2 {[#]} (8. e5 $11) 8... a6 (8... Nxf3+ $1 $17 9. Rxf3 O-O) 9. Nexd4 $11 cxd4 {White is slightly better.} 10. Bd3 {[#]} O-O $146 ({Predecessor:} 10... d5 11. e5 Nc6 12. b3 f6 13. Qe2 O-O 14. Ba3 Re8 15. Rae1 Bf8 16. Bxf8 Rxf8 {1-0 (23) Gershenov,B (2061)-Hansen,E (1729) Oslo 2010}) 11. Qe1 Nc6 12. c3 (12. e5 $14) 12... d5 13. e5 dxc3 (13... Qb6 $11) 14. dxc3 (14. bxc3 $16 Re8 15. Ba3) 14... d4 15. Be4 dxc3 16. Qxc3 Ne7 {[#]} (16... Bd7 $14) 17. Be3 $1 $16 Nd5 18. Bxd5 exd5 19. a5 {White is much more active. Black has bad knights.} Be6 20. Bc5 Re8 21. Rac1 Qd7 22. Qd4 Rec8 23. Rc3 Rc7 24. Rfc1 Rac8 25. b4 h6 26. Nd2 Bf5 27. Nf1 Rc6 28. Ne3 Be4 29. h3 (29. Rd1 $5 {[%cal Rd4e4]} Rd8 30. Bb6 Rxc3 31. Qxc3 $11) 29... Qe6 30. Nc4 f6 (30... Bxg2 $5 31. Kxg2 dxc4 $15) 31. Qe3 fxe5 32. Nxe5 Bxe5 (32... R6c7 $1 $11) 33. fxe5 $14 Qxe5 34. Bd4 ({Better is} 34. Qxh6 $16 Rf6 35. Qd2) 34... Qg5 $11 {The position is equal.} 35. Qxg5 hxg5 36. Rxc6 Rxc6 37. Rxc6 bxc6 {[%mdl 4096] Endgame KB-KB} 38. Kf2 Kf7 39. g4 Ke6 40. Kg3 Kd6 41. h4 gxh4+ 42. Kxh4 c5 43. bxc5+ Kc6 44. Kg5 Bf3 45. Kf4 Bd1 46. Kg5 Kb5 47. c6 Kxc6 48. Kxg6 Kb5 49. Kf5 Kc4 50. Ke5 Bxg4 51. Bg1 Bf3 52. Bb6 Kb5 53. Kd4 Be4 54. Bd8 {Weighted Error Value: White=0.15 (very precise) /Black=0.17 (very precise)} 1/2-1/2

[Event "WALTON 40th BAN-ch U20 Open 2022"]
[Site "Dhaka"]
[Date "2022.02.23"]
[Round "9.6"]
[White "Sajidul, Haque"]
[Black "Tahmidul, Haque"]
[Result "0-1"]
[WhiteElo "1766"]
[BlackElo "1756"]
[Annotator "NA RC"]
[PlyCount "64"]
[EventDate "2022.02.15"]
[EventType "swiss"]
[EventCountry "BAN"]
[SourceTitle "playchess.com"]
[Source "ChessBase"]
[SourceQuality "1"]
[TimeControl "5400+30"]

1. e4 {[%emt 0:00:02]} c5 {[%emt 0:00:05]} 2. Nf3 {[%emt 0:00:04]} e6 {[%emt 0:00:02]} 3. d4 {[%emt 0:00:06]} cxd4 {[%emt 0:00:01]} 4. Nxd4 {[%emt 0:00:02]} Nc6 {[%emt 0:00:01]} 5. a3 {[%emt 0:00:25]} Qc7 {[%emt 0:00:02]} 6. Nc3 {[%emt 0:00:14]} a6 {[%emt 0:00:01]} 7. Be3 {[%emt 0:00:39]} Nf6 {[%emt 0:00:02]} 8. Be2 {[%emt 0:00:44]} b5 {[%emt 0:00:05]} 9. f3 {[%emt 0:07:25]} Bb7 {[%emt 0:00:14]} 10. O-O {[%emt 0:01:05]} h5 {[%emt 0:00:02]} 11. Qe1 {[%emt 0:02:00]} Bd6 {[%emt 0:07:02]} 12. Qh4 {[%emt 0:01:38]} Ne5 {[%emt 0:07:10]} 13. Rad1 {[%emt 0:09:07]} Ng6 {[%emt 0:02:09]} 14. Qh3 {[%emt 0:01:08]} Nf4 {[%emt 0:21:32]} 15. Bxf4 {[%emt 0:02:29]} Bxf4 {[%emt 0:00:49]} 16. Kh1 {[%emt 0:03:30]} O-O-O {[%emt 0:17:36]} 17. a4 {[%emt 0:04:49]} b4 {[%emt 0:11:10]} 18. Na2 {[%emt 0:00:33]} h4 {[%emt 0:01:47]} 19. Nxb4 {[%emt 0:01:35]} Nh5 {[%emt 0:00:57]} 20. Rd3 {[%emt 0:11:30]} Qb6 {[%emt 0:01:19]} 21. Rc3+ {[%emt 0:08:41]} Kb8 {[%emt 0:04:53]} 22. Nxa6+ {[%emt 0:02:47]} Ka8 {[%emt 0:00:36]} 23. Nc5 {[%emt 0:02:24]} Ng3+ {[%emt 0:10:39]} 24. Kg1 {[%emt 0:00:01]} Nxe2+ {[%emt 0:01:04]} 25. Nxe2 {[%emt 0:00:03]} Bd2 {[%emt 0:00:38]} 26. a5 {[%emt 0:01:35]} Qa7 {[%emt 0:00:23]} 27. Ra3 {[%emt 0:17:13]} Qxc5+ {[%emt 0:00:24]} 28. Kh1 {[%emt 0:00:01]} Ba6 {[%emt 0:00:35]} 29. c3 {[%emt 0:01:13]} Bxe2 {[%emt 0:00:14]} 30. b4 {[%emt 0:02:16]} Qe3 {[%emt 0:01:18]} 31. Rb1 {[%emt 0:01:21]} Bd3 {[%emt 0:00:31]} 32. Rba1 {[%emt 0:00:47]} Bc1 {[%emt 0:00:11]} 0-1